[Event "AUTO-INT-2846"]
[Site "http://www.queenalice.com/game.php?id=1276646"]
[Date "2014.4.27"]
[Round "1"]
[White "piemme"]
[Black "port956"]
[Result "1-0"]
[WhiteElo "1651"]
[BlackElo "1397"]

1. e4 e5 2. Qh5 Nf6 3. Qxe5+ Be7 4. d3 O-O 5. Qg3 Bb4+ 6. c3 Bd6 7. e5 Qe7 8.
Bh6 Nh5 9. Qf3 Qxe5+ 10. Be3 c6 11. d4 Qa5 12. Be2 Re8 13. Qxh5 Bb4 14. cxb4
Qxb4+ 15. Nd2 Qxb2 16. Rd1 b5 17. Bd3 h6 18. Qf5 g6 19. Qh3 h5 20. Qh4 Qxa2 21.
Bb1 Qa5 22. Qg5 Qc3 23. Qf4 d5 24. Ne2 Qb4 25. O-O Nd7 26. h3 a5 27. g4 1-0

[Event "AUTO-INT-2846"]
[Site "http://www.queenalice.com/game.php?id=1276647"]
[Date "2014.4.27"]
[Round "1"]
[White "port956"]
[Black "piemme"]
[Result "0-1"]
[WhiteElo "1325"]
[BlackElo "1657"]

1. c4 c5 2. Nc3 d6 3. e4 e5 4. Nd5 Be6 5. Bd3 Nf6 6. b3 Nxd5 7. cxd5 Bc8 8. Qf3
Nd7 9. a4 Nf6 10. Ne2 Be7 11. Bb5+ Bd7 12. Nc3 a6 13. Qg3 O-O 14. Be2 b5 15. d3
g6 16. Bh6 Re8 17. O-O b4 18. Na2 a5 19. f3 Bf8 20. Bg5 h6 21. Be3 h5 22. h4 Bc8
23. f4 exf4 24. Bxf4 Ra6 25. Bf3 Bg7 26. Nc1 Nxe4 27. dxe4 Bxa1 28. Bxh5 Rxe4
29. Bxg6 fxg6 30. Qxg6+ Bg7 31. g3 Bb7 32. Qxe4 Qa8 33. Qe6+ Kh7 34. Bh6 Bxh6
0-1

[Event "AUTO-INT-2847"]
[Site "http://www.queenalice.com/game.php?id=1277126"]
[Date "2014.4.28"]
[Round "1"]
[White "port956"]
[Black "zemari"]
[Result "0-1"]
[WhiteElo "1627"]
[BlackElo "1448"]

1. c4 e5 2. Nc3 d6 3. e4 c6 4. d4 Ne7 5. Be3 f6 6. d5 g6 7. Qa4 a6 8. Bd3 Bd7 9.
Qd1 c5 10. Qf3 Bg7 11. Nge2 Qb6 12. b3 Qc7 13. a4 h5 14. O-O Bg4 15. Qg3 Qd7 16.
Nc1 h4 0-1

[Event "AUTO-INT-2847"]
[Site "http://www.queenalice.com/game.php?id=1277127"]
[Date "2014.4.28"]
[Round "1"]
[White "zemari"]
[Black "port956"]
[Result "1-0"]
[WhiteElo "1531"]
[BlackElo "1642"]

1. e4 e5 2. d4 Nc6 3. d5 Nd4 4. c3 Bb4 5. cxb4 Qf6 6. Ne2 d6 7. Nxd4 exd4 8. Bd3
Ne7 9. f3 O-O 10. h4 Qe5 11. Qd2 Qg3+ 12. Qf2 Qe5 13. Na3 c6 14. Nc4 Qf6 15. h5
b5 16. Na3 Qe5 17. Bd2 c5 18. Nxb5 f5 19. f4 Qf6 20. e5 dxe5 21. Bc4 a6 22. Nc7
Ra7 23. Ne6 e4 24. Qg3 Bxe6 25. dxe6 d3 26. Bc3 Qh6 27. O-O-O Rd8 28. Kb1 Nc6
29. e7+ 1-0

[Event "AUTO-INT-2847"]
[Site "http://www.queenalice.com/game.php?id=1277128"]
[Date "2014.4.28"]
[Round "1"]
[White "port956"]
[Black "dlabedz"]
[Result "0-1"]
[WhiteElo "1541"]
[BlackElo "1365"]

1. c4 Nf6 2. Nc3 a6 3. d4 d5 4. c5 b5 5. Nf3 Bd7 6. Ne5 Nc6 7. Bf4 Na5 8. e3 Be6
9. Bd3 h6 10. O-O g5 11. Bg3 Nd7 12. c6 Nb8 13. Qf3 Bg7 14. Bf5 Qd6 15. h4 Nbxc6
16. Qh5 Nxe5 17. dxe5 Qd7 18. Bd3 Bg4 0-1

[Event "AUTO-INT-2847"]
[Site "http://www.queenalice.com/game.php?id=1277130"]
[Date "2014.4.28"]
[Round "1"]
[White "port956"]
[Black "Nelsonbento"]
[Result "1-0"]
[WhiteElo "1643"]
[BlackElo "1585"]

1. c4 f5 2. Nc3 g6 3. d4 b6 4. Bf4 Bb7 5. Qa4 Bc6 6. Qb3 Bg7 7. e3 a5 8. f3 a4
9. Qb4 Na6 10. Qa3 Nf6 11. d5 Bb7 12. Nge2 c6 13. Nd4 O-O 14. Nxa4 b5 15. Nc3
bxc4 16. Bxc4 Nc5 17. Qxc5 d6 18. Qb4 cxd5 19. Ne6 Qb8 20. Nxf8 Bxf8 21. Bb3 e5
22. Bg5 Nh5 23. Nxd5 Kg7 24. Rc1 Qa7 25. Rc7+ Kh8 26. Rxb7 Qa5 27. O-O Ng7 28.
Qxd6 Bxd6 29. Bf6 Kg8 30. Bxg7 Rb8 31. Nb6+ Qd5 32. Bxd5# 1-0

[Event "AUTO-INT-2847"]
[Site "http://www.queenalice.com/game.php?id=1277131"]
[Date "2014.4.28"]
[Round "1"]
[White "Nelsonbento"]
[Black "port956"]
[Result "0-1"]
[WhiteElo "1557"]
[BlackElo "1602"]

1. b4 e5 2. a3 d5 3. Bb2 Nd7 4. g3 f5 5. Bg2 Ngf6 6. d3 Bd6 7. e3 Nb6 8. Nd2 O-O
9. Ngf3 Be6 10. Ng5 Qe7 11. h4 c5 12. bxc5 Bxc5 13. Bxe5 h6 14. Bxf6 Rxf6 15.
Nxe6 Rxe6 16. Qh5 Re5 17. O-O d4 18. exd4 Bxd4 19. Nf3 Bxa1 20. Rxa1 Re2 21. Nd4
Qe5 22. Nxf5 Qxa1+ 23. Kh2 Rxf2 24. Ne7+ Kf8 25. Ng6+ Ke8 26. Ne5+ Kd8 27. Nf7+
Rxf7 28. Qxf7 Qxa3 29. Bxb7 Rb8 30. Qxg7 Qe7 31. Qh8+ Kc7 32. Qxh6 Rxb7 33. Qf4+
Qd6 34. Qg4 a5 35. Qg7+ Kb8 36. Qb2 a4 37. Kh3 a3 38. Qb3 Rg7 39. d4 Kb7 40. h5
Qd5 41. Kh2 Qxh5+ 42. Kg2 Qd5+ 43. Kf2 Qxb3 44. cxb3 a2 45. Kf3 a1=Q 46. Ke4
Rxg3 47. d5 Rxb3 48. d6 Rb5 49. d7 Nxd7 50. Kf4 Qe5+ 51. Kf3 Rb4 52. Kf2 Qc3 53.
Ke2 Rb2+ 54. Kd1 Qd2# 0-1

[Event "AUTO-INT-2848"]
[Site "http://www.queenalice.com/game.php?id=1277570"]
[Date "2014.4.30"]
[Round "1"]
[White "port956"]
[Black "zemari"]
[Result "0-1"]
[WhiteElo "1574"]
[BlackElo "1547"]

1. c4 e5 2. Nc3 Bc5 3. e4 c6 4. Qf3 d6 5. Nh3 Nf6 6. Bd3 h6 7. O-O a6 8. Bc2 Bg4
9. Qg3 g6 10. d3 Qc8 11. a3 Nh5 12. Qh4 g5 13. Nxg5 hxg5 14. Bxg5 Nd7 15. Qxg4
Nhf6 16. Na4 Bd4 17. Rab1 Nxg4 0-1

[Event "AUTO-INT-2848"]
[Site "http://www.queenalice.com/game.php?id=1277571"]
[Date "2014.4.30"]
[Round "1"]
[White "zemari"]
[Black "port956"]
[Result "1-0"]
[WhiteElo "1552"]
[BlackElo "1557"]

1. e4 e5 2. d4 Bb4+ 3. c3 Bd6 4. Be3 Nf6 5. f3 O-O 6. d5 c6 7. c4 cxd5 8. cxd5
b6 9. Bd3 Bc5 10. Bxc5 bxc5 11. Bc4 Qa5+ 12. Nc3 Na6 13. Ne2 d6 14. a3 Rb8 15.
Qc1 Rb6 16. O-O Nh5 17. Qc2 g6 18. Na4 Rc6 19. Qd1 Qd8 20. dxc6 1-0

[Event "AUTO-INT-2848"]
[Site "http://www.queenalice.com/game.php?id=1277572"]
[Date "2014.4.30"]
[Round "1"]
[White "port956"]
[Black "tche_elvio"]
[Result "0-1"]
[WhiteElo "1384"]
[BlackElo "1492"]

1. c4 e5 2. Nc3 Nf6 3. e4 c6 4. d3 Bb4 5. Bd2 Be7 6. Nf3 d6 7. Be3 O-O 8. Be2 h6
9. Nh4 d5 10. Bh5 Nxh5 11. Qxh5 Bxh4 12. g3 d4 13. gxh4 dxe3 14. f3 Na6 15. Ke2
Nb4 16. Rad1 Nc2 17. Qxe5 Be6 18. Rhg1 g6 19. h5 g5 20. f4 Nd4+ 21. Kxe3 Nc2+
22. Kd2 Bxc4 23. Kxc2 f6 24. Qf5 Bxd3+ 25. Rxd3 Qc8 26. Qg6+ Kh8 0-1

[Event "AUTO-INT-2848"]
[Site "http://www.queenalice.com/game.php?id=1277573"]
[Date "2014.4.30"]
[Round "1"]
[White "tche_elvio"]
[Black "port956"]
[Result "1-0"]
[WhiteElo "1478"]
[BlackElo "1463"]

1. d4 d5 2. c4 dxc4 3. Nc3 Bf5 4. e4 Be6 5. d5 Bd7 6. Bxc4 c6 7. Nf3 c5 8. O-O
Nf6 9. Be3 e6 10. dxe6 Bxe6 11. Qxd8+ Kxd8 12. Rad1+ Nbd7 13. Bxe6 fxe6 14. Ne5
Rg8 15. Nxd7 Ke7 16. Bxc5+ Ke8 17. Nxf6+ Kf7 18. Nxg8 Kxg8 19. Bxf8 Rxf8 20. g3
e5 21. Nd5 b6 22. f4 b5 23. Ne7+ 1-0

[Event "AUTO-INT-2849"]
[Site "http://www.queenalice.com/game.php?id=1277913"]
[Date "2014.5.1"]
[Round "1"]
[White "port956"]
[Black "Ana_Cris"]
[Result "0-1"]
[WhiteElo "1593"]
[BlackElo "1525"]

1. c4 c5 2. Nc3 e5 3. e4 Nc6 4. Nd5 Nf6 5. Bd3 Nxd5 6. cxd5 Nd4 7. Ne2 d6 8. O-O
Bg4 9. f3 Bxf3 10. gxf3 Qg5+ 11. Kf2 Qh4+ 12. Ke3 Qxh2 13. Qa4+ Ke7 14. b4 g6
15. b5 Bh6+ 16. f4 Qh3+ 17. Ng3 Qxg3+ 18. Rf3 Qxf3# 0-1

[Event "AUTO-INT-2849"]
[Site "http://www.queenalice.com/game.php?id=1277926"]
[Date "2014.5.1"]
[Round "1"]
[White "ticoracer"]
[Black "port956"]
[Result "1-0"]
[WhiteElo "1500"]
[BlackElo "1541"]

1. e4 e5 2. Nf3 Nc6 3. Bb5 Bc5 4. O-O Nge7 5. c3 O-O 6. d4 Bd6 7. Re1 Na5 8.
dxe5 Bc5 9. b4 Nc4 10. Bxc4 Bb6 11. Ng5 Ng6 12. Qh5 Qe7 13. Qxh7# 1-0

[Event "AUTO-INT-2849"]
[Site "http://www.queenalice.com/game.php?id=1277927"]
[Date "2014.5.1"]
[Round "1"]
[White "port956"]
[Black "ticoracer"]
[Result "0-1"]
[WhiteElo "1366"]
[BlackElo "1711"]

1. c4 c5 2. Nc3 Nc6 3. e4 g6 4. Nge2 Bg7 5. Nf4 d6 6. Qf3 e6 7. Bd3 Nd4 8. Qd1
Ne7 9. O-O Nec6 10. Re1 Qg5 11. b3 Qxf4 12. Ba3 h5 13. f3 h4 14. Rb1 Be5 15. Kf2
Qxh2 0-1

[Event "AUTO-INT-2849"]
[Site "http://www.queenalice.com/game.php?id=1277934"]
[Date "2014.5.1"]
[Round "1"]
[White "sphagnis"]
[Black "port956"]
[Result "1-0"]
[WhiteElo "1531"]
[BlackElo "1366"]

1. e4 e5 2. Nf3 Nc6 3. Bb5 a6 4. Bxc6 bxc6 5. Nxe5 Qf6 6. Nf3 Be7 7. d4 c5 8. e5
Qe6 9. Bf4 Bb7 10. Nc3 Bd6 11. O-O Be7 12. b3 h5 13. h3 h4 14. Bg5 O-O-O 15.
Bxe7 Nxe7 16. Ng5 Qg6 17. Nf3 Rh5 18. dxc5 f5 19. exf6 gxf6 20. b4 Rg8 21. g3
hxg3 22. Qd3 g2 23. Nh2 gxf1=Q+ 24. Kxf1 Qg1+ 25. Ke2 Qxa1 26. Ng4 Rhg5 27. Nxf6
Rd8 28. Nh7 Rg1 29. Nd1 Qe5+ 30. Kd2 Qe1+ 31. Kc1 Qxb4 32. Nf6 Qxc5 33. f4 d6
34. h4 Qf5 35. Ne4 Qxf4+ 36. Nd2 Qxh4 37. Nf3 Bxf3 38. Qxf3 Qg4 39. Qxg4+ Rxg4
40. Ne3 1-0

[Event "AUTO-INT-2849"]
[Site "http://www.queenalice.com/game.php?id=1277935"]
[Date "2014.5.1"]
[Round "1"]
[White "port956"]
[Black "sphagnis"]
[Result "0-1"]
[WhiteElo "1622"]
[BlackElo "1515"]

1. c4 e5 2. Nc3 Nf6 3. e4 Bc5 4. Nf3 d6 5. Bd3 Bxf2+ 6. Kxf2 Bg4 7. h3 Bh5 8. g4
Bg6 9. g5 Nh5 10. Qa4+ c6 11. b3 O-O 12. Ke3 Nf4 13. h4 Bh5 14. b4 Qb6+ 15. c5
dxc5 16. Kf2 cxb4+ 17. Kf1 Bxf3 18. Rg1 Nh3 0-1

[Event "AUTO-INT-2851"]
[Site "http://www.queenalice.com/game.php?id=1279194"]
[Date "2014.5.5"]
[Round "1"]
[White "port956"]
[Black "NickThorp"]
[Result "0-1"]
[WhiteElo "1406"]
[BlackElo "1687"]

1. c4 e5 2. e4 Nf6 3. Be2 Nxe4 4. d3 Nc5 5. Nc3 h6 6. Nf3 d6 7. Nd5 Be6 8. Be3
Bxd5 9. cxd5 Be7 10. Qc2 O-O 0-1